000 00514nam a2200169Ia 4500
008 090201s9999 xx 000 0 und d
010 _aKPL-58500
040 _bमराठी
041 _aमराठी
082 _a6187
_b58500
100 _aसुधा नरवणे
245 _aकातरवेळी
_cसुधा नरवणे
260 _c2004
_bचंद्रमौळी प्रकाशन
300 _a192
_bमोठा
600 _aकातरवेळी
942 _cBOOK
999 _c207020
_d207020